Catálogo público

Micosis de los animales / por Geoffrey Clough Ainsworth y P.K.C. Austwik (Record no. 216910)

MARC details
000 -CABECERA
campo de control de longitud fija 00811nam a2200217Ia 4500
001 - NÚMERO DE CONTROL
campo de control Z_3403
008 - DATOS DE LONGITUD FIJA--INFORMACIÓN GENERAL
campo de control de longitud fija 220601s9999 xx 000 0 und d
020 ## - NÚMERO INTERNACIONAL ESTÁNDAR DEL LIBRO
Número Internacional Estándar del Libro -84-7000
082 ## - NÚMERO DE LA CLASIFICACIÓN DECIMAL DEWEY
Número de clasificación 636.089 A5y
100 ## - ENTRADA PRINCIPAL--NOMBRE DE PERSONA
Nombre de persona Ainsworth, Geoffrey Clough
9 (RLIN) 3133
245 ## - MENCIÓN DE TÍTULO
Título Micosis de los animales / por Geoffrey Clough Ainsworth y P.K.C. Austwik
260 ## - PUBLICACIÓN, DISTRIBUCIÓN, ETC.
Lugar de publicación, distribución, etc. Leon : Ed. Academia
300 ## - DESCRIPCIÓN FÍSICA
Extensión 270 p
500 ## - NOTA GENERAL
Nota general Título original: Fungal Discases of Animal.Publicado por Commonwealth Agricultural Bureaux N.6 de la serie de reviciones del Commonwealth Boreau of Animal Health.
650 ## - PUNTO DE ACCESO ADICIONAL DE MATERIA--TÉRMINO DE MATERIA
Término de materia o nombre geográfico como elemento de entrada 1. Micosis 2. Hongos patógenos 3. Veterinaria I. Austwik, P. K. C.Ì
9 (RLIN) 180396
901 ## - ELEMENTOS DE DATOS A LOCAL LDA (RLIN)
a 636.089 A5Y
902 ## - ELEMENTOS DE DATOS B LOCAL, LDB (RLIN)
a M
905 ## - ELEMENTOS DE DATOS E LOCAL, LDE (RLIN)
a 0000001973 0000000000 00
942 ## - ELEMENTOS DE PUNTO DE ACCESO ADICIONAL (KOHA)
Tipo de ítem Koha Libro_
Holdings
Estado de retiro Estado de pérdida Fuente del sistema de clasificación o colocación Estado dañado No para préstamo Código de colección Localización permanente Ubicación/localización actual Ubicación en estantería Fecha de adquisición Total de préstamos Código de barras Fecha visto por última vez Número de copia Precio válido a partir de Tipo de ítem Koha
    Dewey Decimal Classification     General Zootecnia Zootecnia   09/11/2005   z_3908 02/06/2022 1 02/06/2022 Libro